Statistiken für Top 15 Länder mit Covid-19-Todesfällen - 4. Mai

Klicken Sie hier um das Quiz zu spielen!

Allgemein

  • Dieses Quiz wurde 13 mal gespielt
  • Das Durchschnittsergebnis liegt bei 15 aus 21

Antwortstatistiken

Land% Korrekt
China
100%
Deutschland
100%
Vereinigte Staaten
100%
Frankreich
92%
Italien
92%
Spanien
92%
Niederlande
77%
Portugal
77%
Schweiz
77%
Türkei
77%
Belgien
69%
Kanada
69%
Mexiko
69%
Schweden
69%
Schweden
69%
Vereinigtes Königreich
69%
Brasilien
62%
Iran
54%
Irland
54%
Dänemark
23%
Ecuador
23%

Verteilung der Resultate

Perzentil nach korrekt beantworteten Fragen

Anzahl Personen mit jedem Resultat

Ihre Resultats-Entwicklung

Sie haben dieses Quiz noch nicht gespielt